| 000 | 00784nas a2200253 i 4500 | ||
|---|---|---|---|
| 001 | 551 | ||
| 003 | ES-MaACL | ||
| 005 | 20250807062528.0 | ||
| 007 | t| | ||
| 008 | 950801d19471952xxk | | 1 ||ng d | ||
| 080 | _a410 | ||
| 245 | 0 | 0 |
_aBritish journal of social medicine / _ceditors F.A.E. Crew and Lancelot Hogben. |
| 260 |
_aLondon : _bBritish Medical Association, _c1947-1952 ( _fHeadley Brothers) |
||
| 300 |
_a1 v. : _bgrab. ; _c25 cm. |
||
| 310 | _aMensual | ||
| 362 | 0 | _aVol. 1, nº. 1 (Jan. 1947)-v. 6. nº. 4 (Oct. 1952. | |
| 650 | 1 | 7 |
_aMedicina _2embne _914891 |
| 700 | 1 |
_aCrew, F.A.E. _941583 |
|
| 700 | 1 |
_aHogben, Lancelot. _963977 |
|
| 710 | 2 |
_aBritish Medical Association (Londres) _92245 |
|
| 852 |
_aES-MaACL _jHem-631 |
||
| 866 | 0 | _o1947. | |
| 999 |
_c551 _d551 |
||